000 00789nab a2200241 u 4500
001 10959
003 HDC
007 cr bn ---aaaaa
008 210206c mydr|nes 0 a may d
040 _aHDC
245 0 _aSelepas Milo tiruan, muncul pula kopi 'ciplak'
260 _a[no place] :
_b[publisher not identified],
_c[no year]
336 _atext
_2rdacontent
337 _acomputer
_2rdamedia
338 _aonline resource
_2rdacarrier
650 _aFake product
_911189
650 _aHalal certificate
_9482
710 _aMalaysia Gazette
856 _zRequest full-text at [email protected]
942 _2lcc
942 _cNEWS
942 _kNWSO 000284
999 _c8282
_d8282